000 00531nam a2200169Ia 4500
005 20250508153439.0
008 008 250505s9999 xx 000 0 eng d
037 _aTextual
040 _aFEDL
_beng
_cFEDL
041 _aeng
_2eng
084 _a650.7, UNI
_qFEDL
245 0 _aOffice education: Report of a national conference: May 9-13, 1960 Washington, D. C.
260 _aWashington, USA
_bU.S. Government Printing Office
_c1961
300 _av,27p.
942 _cTEXL
_h650.7, UNI
999 _c1342947
_d1342947